000 00599nam a22001097a 4500
040 _cRUA
082 _aLMA MAN 2023 B1-398 Or.1
245 _aសិក្សាអំពីសុវត្ថិភាពនៃការកាន់កាប់ដីធ្លីរបស់ប្រជាពលរដ្ឋនៅឃុំធម្មតាអរ ស្រុកសំរោងទង ខេត្តកំពង់ស្ពឺ STUDY ON LAND TENURE SECURITY IN THORMDA OR COMMUNE, SAMRONG TONG DISTRICT KAMPONG SPUE PROVINCE
260 _aRUA
_bPHNOM PENH
_c2023
300 _axi
_bill
_c29cm
942 _cLMA
999 _c24905
_d24905